Nuevas perspectivas sobre los procesos de lectura y escritura
Guardat en:
| Autors principals: | , |
|---|---|
| Format: | Llibre |
| Idioma: | espanyol |
| Publicat: |
Ciudad de México
Siglo XXI
2002
|
| Edició: | 17a. ed |
| Col·lecció: | Educación
|
| Matèries: | |
| Etiquetes: |
Afegir etiqueta
Sense etiquetes, Sigues el primer a etiquetar aquest registre!
|
MARC
| LEADER | 00000nam a2200000 a 4500 | ||
|---|---|---|---|
| 001 | UCK0375 | ||
| 003 | CL-VaPUC | ||
| 008 | 041001e20020000MX |||||||||||||||||spa|d | ||
| 020 | |a 9682316006 | ||
| 082 | 0 | 4 | |a 372.4 |b FER |2 21 |
| 100 | |a Ferreiro Schiavi, Emilia |e compiladora |9 488295 | ||
| 700 | |a Gómez Palacio Muñoz, Margarita |e author |9 453883 | ||
| 245 | 1 | 0 | |a Nuevas perspectivas sobre los procesos de lectura y escritura |
| 250 | |a 17a. ed | ||
| 300 | |a 354 p | ||
| 942 | |c BK | ||
| 945 | |d 20041001 00:00:00 |a cmena | ||
| 260 | |a Ciudad de México |b Siglo XXI |c 2002 | ||
| 650 | 0 | |a Enseñanza de la lectura |9 308364 | |
| 650 | 0 | |a Enseñanza de la escritura |9 307377 | |
| 650 | 0 | |a Planificación de la educación |9 307333 | |
| 650 | 0 | |a Calidad de la educación |9 307271 | |
| 650 | 0 | |a Educación básica |9 224933 | |
| 650 | 0 | |a Alfabetización |9 310435 | |
| 583 | |a last modification |c 20041001 00:00:00 |k Rodrigo Vera | ||
| 490 | 0 | |a Educación | |
| 999 | |c 310835 |d 310833 | ||
| 952 | |0 0 |1 0 |4 0 |6 372_400000000000000_FER_2002 |7 0 |8 A |9 379866 |a BIBEDU |b BIBEDU |c ES_NOD |d 2019-11-21 |i 4065719 |l 1 |o 372.4 FER 2002 |p 4065719 |r 2023-08-09 |s 2022-10-11 |w 2019-11-21 |y BK |k PAR | ||